000 00519nam a22001817a 4500
003 OSt
005 20260204084257.0
008 260204b |||||||| |||| 00| 0 eng d
020 _a971-510-183-6.
040 _aDWC-Main lib
_cOC
082 _aGR. 262.9 P981 2005
100 _aPulickal, Jose
245 _aA Dictionary of Canon Law
_cJose Pulickal
260 _aManila :
_bLogos Publications, Inc.,
_cc2005.
300 _a436 pages :
_c22 cm.
650 _a1. Eccliastical law-Dictionaries.
942 _2ddc
_cGR
_kGR.
_n0
999 _c8278
_d8278